ბათუმის შოთა რუსთაველის სახელმწიფო უნივერსიტეტის ბიბლიოთეკა

ნარკოტიკული დანაშაული = Drug crimes / (ბიბ.ჩანაწერი № 59046)

000 -ლიდერი
ფიქსირებული სიგრძის საკონტროლო ველი 01452nam a22002657a 4500
003 - საკონტროლო ნომრის იდენტიფიკატორი
საკონტროლო ველი Ge_BSU
005 - ბოლო ოპერაციის თარიღი და დრო
საკონტროლო ველი 20221111110808.0
008 - ფიქსირებული სიგრძის მონაცემთა ელემენტები - ზოგადი ინფორმაცია
ფიქსირებული სიგრძის საკონტროლო ველი 221111s2020ge xxu||||| |||| 00| 0 geo d
020 ## - წიგნის საერთაშორისო სტანდარტული ნომერი
International Standard Book Number 9789941964879
041 ## - ენის კოდი
Language code of text/sound track or separate title geo
080 ## - უნივერსალური ათობითი კლასიფიკაციის ინდექსი
Universal Decimal Classification number 343.575(479.22) ნ-28
245 ## - ცნობა სათაურის შესახებ
Title ნარკოტიკული დანაშაული = Drug crimes /
Statement of responsibility, etc თამარ გეგელია, გიორგი დავითური, გურამ იმნაძე, გიორგი მახარაძე, ბაჩანა ჯიშკარიანი ; სამეცნიერო რედაქტორი ბაჩანა ჯიშკარიანი.
264 ## - წარმოების, გამოცემის, დისტრიბუციის და სხვა ცნობები
გამოცემის, წარმოების, დისტრიბუციის... ადგილი თბილისი :
გამოცემის, წარმოების, დისტრიბუციის... სახელწოდება იურისტების სამყარო,
გამოცემის, წარმოების, დისტრიბუციის... თარიღი 2020.
300 ## - ფიზიკური აღწერა
Extent 208 გვ. ;
Other physical details 24 სმ.
504 ## - BIBLIOGRAPHY, ETC. NOTE
Bibliography, etc ბიბლიოგრაფია: გვ. 203-208.
653 ## - INDEX TERM--UNCONTROLLED
Uncontrolled term ნარკოტიკული დანაშაული საქართველოში
653 ## - INDEX TERM--UNCONTROLLED
Uncontrolled term სამართალი
700 ## - ADDED ENTRY--PERSONAL NAME
Personal name გეგელია, თამარ
9 (RLIN) 15769
700 ## - ADDED ENTRY--PERSONAL NAME
Personal name დავითური, გიორგი
9 (RLIN) 12148
700 ## - ADDED ENTRY--PERSONAL NAME
Personal name იმნაძე, გურამ
9 (RLIN) 15770
700 ## - ADDED ENTRY--PERSONAL NAME
Personal name მახარაძე, გიორგი
9 (RLIN) 15771
700 ## - ADDED ENTRY--PERSONAL NAME
Personal name ჯიშკარიანი, ბაჩანა
9 (RLIN) 15772
773 ## - HOST ITEM ENTRY
Title ნაჩუქარი
942 ## - ADDED ENTRY ELEMENTS (KOHA)
Source of classification or shelving scheme
Koha item type წიგნი
ეგზემპლარები
ჩამოწერის სტატუსი დაკარგული ეგზემპლარის სტატუსი კლასიფიკაციის წყარო ან თაროზე გაწყობის სქემა დაზიანების სტატუსი არ გაიცემა მუდმივი მდებარეობა (დაცვის ადგილი) ამჟამინდელი ადგილსამყოფელი თაროზე განთავსების ადგილი შეძენის თარიღი ღირებულება, შესყიდვის ნორმალური ფასი სრული შენახვის შიფრი შტრიხკოდი ბოლო ოპერაციის თარიღი ეგზემპლარის მიმდევრობითი ნომერი (კეტერი?) ფასის ძალაში შესვლის თარიღი ეგზემპლარის სახეობა საჯარო შენიშვნა Uniform Resource Identifier
          ბათუმის შოთა რუსთაველის სახელმწიფო უნივერსიტეტის მთავარი ბიბლიოთეკა ბათუმის შოთა რუსთაველის სახელმწიფო უნივერსიტეტის მთავარი ბიბლიოთეკა წიგნსაცავი 2022-11-11 12.00 343.575(479.22) ნ-28 63131 2022-11-11 63131 2022-11-11 წიგნი 12.00  
          ბათუმის შოთა რუსთაველის სახელმწიფო უნივერსიტეტის მთავარი ბიბლიოთეკა ბათუმის შოთა რუსთაველის სახელმწიფო უნივერსიტეტის მთავარი ბიბლიოთეკა წიგნსაცავი 2025-03-28 10.00 343.575(479.22) ნ-28 70968 2025-03-28 70968 2025-03-28 წიგნი 10 ლ. ნაჩუქარი
          ბათუმის შოთა რუსთაველის სახელმწიფო უნივერსიტეტის მთავარი ბიბლიოთეკა ბათუმის შოთა რუსთაველის სახელმწიფო უნივერსიტეტის მთავარი ბიბლიოთეკა წიგნსაცავი 2025-03-28 10.00 343.575(479.22) ნ-28 70967 2025-03-28 70967 2025-03-28 წიგნი 10 ლ. ნაჩუქარი